000 00672cam a2200265 4500
008 090401t1993 xxu||||| |||| 00| 0 eng d
020 _a0851423159
035 _a(Sirsi) u70063
041 _aeng
050 _a025.1
100 _aEllis, Debbie
245 _aImplementing BS 5750/ISO 9000 in libraries.
260 _aLondon
_bASLIB
_c1993
300 _aix,123p. ; 24cm.
350 _a14
650 _aBS 5750
650 _aISO9000
650 _aQUALITY ASSURANCE
650 _aQUALITY MANAGEMENT
690 _aMANAGEMENT-BUSINESS MANAGEMENT-PROFESSIONAL PRACTICE
700 _aNorton, Bob
710 _aAslib
_9760
942 _n0
948 _c04/03/1997
999 _c95278
_d95278